Essentials of economics / (Record no. 3462)
[ view plain ]
| 000 -LEADER | |
|---|---|
| fixed length control field | 00518nam a2200205 4500 |
| 003 - CONTROL NUMBER IDENTIFIER | |
| control field | OSt |
| 005 - DATE AND TIME OF LATEST TRANSACTION | |
| control field | 20160412154514.0 |
| 008 - FIXED-LENGTH DATA ELEMENTS--GENERAL INFORMATION | |
| fixed length control field | 160412b xxu||||| |||| 00| 0 eng d |
| 020 ## - INTERNATIONAL STANDARD BOOK NUMBER | |
| International Standard Book Number | 032124852x |
| 040 ## - CATALOGING SOURCE | |
| Transcribing agency | 040a |
| 082 ## - DEWEY DECIMAL CLASSIFICATION NUMBER | |
| Classification number | 330 |
| Item number | GRE 2005 |
| 100 ## - MAIN ENTRY--PERSONAL NAME | |
| Personal name | Gregory, Paul R. |
| 9 (RLIN) | 7735 |
| 245 ## - TITLE STATEMENT | |
| Title | Essentials of economics / |
| Statement of responsibility, etc. | Paul R. Gregory |
| 250 ## - EDITION STATEMENT | |
| Edition statement | 6th.ed |
| 260 ## - PUBLICATION, DISTRIBUTION, ETC. (IMPRINT) | |
| Place of publication, distribution, etc. | Boston |
| Name of publisher, distributor, etc. | Pearson |
| Date of publication, distribution, etc. | 2005 |
| 300 ## - PHYSICAL DESCRIPTION | |
| Extent | xvi, 332p; |
| Other physical details | ill : |
| Dimensions | 16 cm |
| 504 ## - BIBLIOGRAPHY, ETC. NOTE | |
| Bibliography, etc | Includes index |
| 650 ## - SUBJECT ADDED ENTRY--TOPICAL TERM | |
| Topical term or geographic name as entry element | Economics |
| 9 (RLIN) | 975 |
| 942 ## - ADDED ENTRY ELEMENTS (KOHA) | |
| Source of classification or shelving scheme | Dewey Decimal Classification |
| Koha item type | Short Loan |
| Withdrawn status | Lost status | Source of classification or shelving scheme | Damaged status | Not for loan | Home library | Current library | Date acquired | Inventory number | Total Checkouts | Full call number | Barcode | Date last seen | Price effective from | Koha item type | Source of acquisition | Date last checked out |
|---|---|---|---|---|---|---|---|---|---|---|---|---|---|---|---|---|
| Dewey Decimal Classification | MUST Main Library | MUST Main Library | 12/04/2016 | 2006/27877 | 330 GRE 2005 | 2016-0725 | 12/04/2016 | 12/04/2016 | Short Loan | |||||||
| Dewey Decimal Classification | MUST Main Library | MUST Main Library | 07/10/2016 | 06/27876 | 1 | 330 GRE 2005 | 2016-4659 | 14/11/2016 | 07/10/2016 | Open Shelf | 07/10/2016 | |||||
| Dewey Decimal Classification | MUST Main Library | MUST Main Library | 10/07/2024 | 06/27879 | 330 GRE 2005 | 2024-21894 | 10/07/2024 | 10/07/2024 | Short Loan | Purchase | ||||||
| Dewey Decimal Classification | MUST Main Library | MUST Main Library | 28/08/2024 | 06/27875 | 330 GRE 2005 | 2024-22286 | 28/08/2024 | 28/08/2024 | Short Loan | Purchase |
